000 00423nam a2200157Ia 4500
008 240729s9999 xx 000 0 und d
022 _a2588-9133
245 0 _aCarbon Resources Conversion
260 _aChina
260 _bKeAi Communications Co., Ltd.
650 _a Chemical technology
650 _aTechnology
856 _uhttps://doaj.org/toc/653eed6e56b342628e19e2da086bedac
942 _2ddc
942 _cDOAJEJ
999 _c67651
_d67651
945 _a1
_bMadushi Gamage
_c1
_dMadushi Gamage